Marcatori del Napoli in UEFA Europa League 2013-2014 - Statistics

Statistiche generali
  • Questo quiz è stato fatto 9 volte
  • Il punteggio medio è 3 su 5
Statistiche sulle risposte
Partita Minuto Marcatore % Corretto
Napoli - Swansea City 3-1 78' Gonzalo Higuaín
100%
Napoli - Swansea City 3-1 17' Lorenzo Insigne
78%
Napoli - Swansea City 3-1 93' Gökhan Inler
67%
Napoli - Porto 2-2 92' Duván Zapata
33%
Napoli - Porto 2-2 21' Goran Pandev
11%
Nessun quiz corrispondente trovato
Distribuzione punteggi
Percentuale di utenti per punteggio
Percentile per numero di risposta
I tuoi punteggi nel tempo
Non hai fatto questo quiz